| 000 | 00000nam##2200000za#4500 |
| 001 | 9.700375 |
| 003 | CaOODSP |
| 005 | 20210625000814 |
| 007 | cr ||||||||||| |
| 008 | 150407|1997||||xxc|||||o f|0| 0 eng|d |
| 040 | |aCaOODSP|beng |
| 043 | |an-cn--- |
| 086 | 1 |aCP32-64/1-1997E-PDF |
| 110 | 1 |aCanada. |bCommission of Inquiry into the Deployment of Canadian Forces to Somalia. |
| 245 | 10|aSomalia and the changing nature of peacekeeping - the implications for Canada : |h[electronic resource]|ba study prepared for the Commission of Inquiry into the Deployment of Canadian Forces to Somalia / |c[by] Allen G. Sens. |
| 260 | |aOttawa - Ontario : |bCommission of Inquiry into the Deployment of Canadian Forces to Somalia |cc1997. |
| 300 | |a153p.|btables |
| 500 | |a[Digitized, 2014]. The catalogue number (CP32-64/1-1997E) and ISBN (0-660-16867-7) for the print edition have been copied in this electronic publication. |
| 590 | |a15-03-Supp|b2015-03-13 |
| 690 | 07|aPeacekeeping|2gcpds |
| 690 | 07|aArmed forces|2gcpds |
| 775 | 08|tLa Somalie et l'évolution du maintien de la paix : les conséquences pour le Canada : |w(CaOODSP)9.644271 |
| 776 | 0#|tSomalia and the changing nature of peacekeeping: the implications for Canada : |w(CaOODSP)9.646482 |
| 856 | 40|ahttp://publications.gc.ca|qPDF|s69.34 MB|uhttps://publications.gc.ca/collections/collection_2015/bcp-pco/CP32-64-1-1997-eng.pdf |